Sbírka příkladů k teorii pravděpodobnosti : určeno pro posl. všech fakult Vys. školy ekon. v Praze /

Hlavní autor: Kahounová, Jana, 1941-
Další autoři: Hebák, Petr, 1940-2022
Jazyk: Čeština
Vydáno: Praha : Státní pedagogické nakladatelství, 1968
Vydání: 1. [dot.] 1. vyd.
Edice: Učební texty vysokých škol
Externí odkaz: Digitalizovaný dokument
Fyzický popis: 129 s. ; 4°
Knihy
Uloženo v:
LEADER 01269nam a22003012a 4500
001 000710536
003 CZ BrMZK
005 20170907061657.0
008 010907s1968 xr f cze d
015 |a cnb000494375 
040 |a ABA001  |b cze  |c PNA001  |d BOA003  |d ABA001 
080 |a 519.1/.2(075.8)(076.1)  |2 MRF 
100 1 |a Kahounová, Jana,  |d 1941-  |7 jk01052538  |4 aut 
245 1 0 |a Sbírka příkladů k teorii pravděpodobnosti :  |b určeno pro posl. všech fakult Vys. školy ekon. v Praze /  |c Jana Kahounová, Petr Hebák 
250 |a 1. [dot.] 1. vyd. 
260 |a Praha :  |b Státní pedagogické nakladatelství,  |c 1968 
300 |a 129 s. ;  |c 4° 
490 1 |a Učební texty vysokých škol 
500 |a S obr. a tb. v textu 
500 |a 600 výt. 
504 |a Obsahuje bibliografii 
500 |a Dostupné též v digitální podobě v aplikaci Kramerius 
700 1 |a Hebák, Petr,  |d 1940-2022  |7 jk01040466  |4 aut 
830 0 |a Učební texty vysokých škol 
856 4 1 |u https://www.digitalniknihovna.cz/mzk/uuid/uuid:5cb41870-9484-11e7-a9a4-005056827e51  |y Digitalizovaný dokument  |x NDK 
910 |a BOA001  |b TK-A-0139.788-68  |b 4-0590.722-68 
990 |a BK 
996 7 |b 2619966776  |c 4-0590.722-68  |l MZK  |r Sklad / do 1 hodiny  |n 9  |w 000710536  |u 000030  |a 1  |e BOA001  |j MZK50  |s A